| 000 | 00602nam a22002057a 4500 | ||
|---|---|---|---|
| 010 | _a284260 | ||
| 035 | _a284260 | ||
| 037 | _bCen Lib / Ret | ||
| 040 |
_aDPL _bEn |
||
| 082 |
_a745.09519 _bKIM |
||
| 245 |
_aKorean arts / _cedied by Won-Yong Kim |
||
| 260 |
_aSeoul _bMinistry of Public Information _c1963 |
||
| 270 |
_aMinistry of Public Information _bSeoul |
||
| 300 |
_a(v 3. 224p) _c27cm(Hb) |
||
| 505 | _av 3. Architecture | ||
| 650 |
_a Art, Korean. _9142132 |
||
| 650 |
_aArte (Asia) _9142133 |
||
| 700 |
_aKim, Won-Yong _9142134 |
||
| 942 |
_2ddc _cEN _h745.09519 _mKIM |
||
| 999 |
_c136325 _d136325 |
||